"2006" başında Türkiye ve dünya" (Record no. 8547)

MARC details
000 -BAŞLIK
Sabit Uzunlukta Kontrol Alanı 01027na a2200277 4500
001 - KONTROL NUMARASI
Denetim Alanı 16651
003 - KONTROL NUMARASI IDENTIFIER
Denetim Alanı MIRAKIL
005 - SON İŞLEM TARİHİ VE ZAMANI
Denetim Alanı 20181213155216.0
008 - SABİT-BOY VERİ ELEMANLARI - GENEL BİLGİLER
Sabit Uzunlukta Kontrol Alanı 161013b tu 000 0
035 ## - SİSTEM KONTROL NUMARASI
Sistem Kontrol Numarası 16651
040 ## - KATALOGLAMA KAYNAK
Orijinal Kataloglama Ajansı Milas
Kataloglama Dili tur
Metne Dönüştürmek Ajansı TR-AnCHP
041 ## - DİL KODU
Metin / Ses Parça Veya Ayrı Başlığın Dil Kodu tur
082 ## - DEWEY ONLU SINIFLANDIRMA NUMARASI
Sınıflandırma Numarası 320.9561
Ürün Numarası İ45 2006
090 ## - SINIFLAMA NUMARASI
Sınıflama Numarası 320.9561 İ45 2006
245 ## - BAŞLIK TABLOSU
Başlık "2006" başında Türkiye ve dünya"
Sorumluluk Tablosu, Vb [hazırlayan] Anadolu Kulübü Derneği
260 ## - YAYIN, DAĞITIM, VB
Yayın, Dağıtım, Vb Yeri Ankara
Yayıncı, Dağıtıcı, Vs Adı Anadolu Kulübü Derneği Yayınları
Yayın, Dağıtım, Vb Tarihi 2006
300 ## - FİZİKSEL TANIM
Kapsam 60 s.
Diğer Fiziksel Ayrıntıları fotg.
Boyutlar 27 sm.
440 ## - SERİSİ TABLOSU / KATMA GİRİŞİ - BAŞLIK
Başlık Anadolu Kulübü Derneği Yayınları
Hacim / Ardışık Tanımı 2
500 ## - GENEL NOT
Genel Not 28 Ocak 2006 tarihinde 9. Cumhurbaşkanımız Sayın Süleyman Demirel'in kulübümüzde verdiği konferans konuşmaları
500 ## - GENEL NOT
Genel Not Yapıt adı başında : Atatürk'ün 125. doğum yıldönümü anısına
600 ## - KONU KATMA GİRİŞ - KURUMSAL ADI
Kişisel Ad Atatürk, Mustafa Kemal
Genel Alt Bölümü Toplantılar
650 ## - KONU KATMA GİRİŞ - TOPİKAL DÖNEM
Topikal Süreli Veya Coğrafi Ad Giriş Elemanı Siyasal tarih
Coğrafi Alt Bölümü Türkiye
651 ## - KONU KATMA GİRİŞ - COĞRAFİ ADI
Coğrafi İsim Türkiye
Genel Alt Bölümü Siyaset ve yönetim
Kronolojik Alt Bölümü Toplantılar
710 ## - KATMA GİRİŞ - KURUMSAL ADI
Giriş Elemanı Olarak Kurumsal Ad Veya Yargı Alanı Adı Anadolu Kulübü Derneği
942 ## - EKLENDİ GİRİŞ ELEMANLARI (KOHA)
Sınıflandırma Veya Raf Düzeni Kaynak
Koha Öğesi Türü Books
999 ## - SİSTEM KONTROL NUMARALARI (KOHA)
Koha Biblionumber 8547
Koha Biblioitemnumber 8547
Holdings
Kalıcı Konum Mevcut Konum Edinme Tarihi Edinim Kaynak Toplam Check-Out'Lar Tam Çağrı Numarası Barkod Tarih Son Görülme İtibaren Geçerli Fiyatlar Koha Öğesi Türü
CHP Kütüphanesi CHP Kütüphanesi 10/09/2016 Bağış   320.9561 İ45 2006 006805 10/09/2016 10/09/2016 Books